| 000 | 00395nam a2200133 a 4500 | ||
|---|---|---|---|
| 001 | 000028984 | ||
| 005 | 20200930055246.0 | ||
| 008 | 110413s1986 dr 000 0 spa d | ||
| 040 |
_aDO-SdBNP _bspa _cBNPHU |
||
| 245 | 0 | 3 | _aLa coyuntura socio-económica dominicana. |
| 260 |
_aSanto Domingo : _bCentro Dominicano de Estudios de la Educación, _c1986. |
||
| 300 |
_a10 p. ; _c29 cm. |
||
| 049 | _aBNPD | ||
| 999 |
_c28476 _d28476 |
||